Existencia cristiana según el Nuevo Testamento / (Record no. 189000)

MARC details
000 -LEADER
campo de control de longitud fija 00802nam a2200217 i 4500
001 - NÚMERO DE CONTROL
campo de control 189000
003 - IDENTIFICADOR DE NÚMERO DE CONTROL
campo de control ES-MaACL
005 - FECHA Y HORA DE LA ÚLTIMA TRANSACCIÓN
campo de control 20250830053607.0
007 - CAMPO FIJO DE DESCRIPCIÓN FÍSICA--INFORMACIÓN GENERAL
campo de control de longitud fija t|
008 - DATOS DE LONGITUD FIJA--INFORMACIÓN GENERAL
campo de control de longitud fija 190318s1970 sp ||||1| spa d
100 0# - ENTRADA PRINCIPAL--NOMBRE DE PERSONA
Nombre de persona Schnackenburg, Rudolf.
9 (RLIN) 104543
245 10 - MENCIÓN DEL TÍTULO
Título Existencia cristiana según el Nuevo Testamento /
Mención de responsabilidad, etc. Rudolf Schnackenburg ; [versión, Salvador Castellote].
260 ## - PUBLICACIÓN, DISTRIBUCIÓN, ETC.
Lugar de publicación, distribución, etc. Estella (Navarra) :
Nombre del editor, distribuidor, etc. Verbo Divino,
Fecha de publicación, distribución, etc. [1970]
300 ## - DESCRIPCIÓN FÍSICA
Extensión 2 v. ;
Dimensiones 19 cm.
490 1# - MENCIÓN DE SERIE
Mención de serie Colección "Biblia y Kerygma". Temas de Pastoral Bíblica ;
Designación de volumen o secuencia 11-12
650 07 - PUNTO DE ACCESO ADICIONAL DE MATERIA--TÉRMINO DE MATERIA
Término de materia o nombre geográfico como elemento de entrada Teología bíblica
Fuente del encabezamiento o término embne
9 (RLIN) 17465
700 0# - ENTRADA AGREGADA--NOMBRE PERSONAL
Nombre de persona Castellote, Salvador.
9 (RLIN) 36577
830 0# - PUNTO DE ACCESO ADICIONAL DE SERIE-TÍTULO UNIFORME
Título uniforme Colección "Biblia y Kerygma". Temas de Pastoral Bíblica ;
Designación de volumen o secuencia 11-12
9 (RLIN) 183845
852 ## - LOCALIZACIÓN
Ubicación ES-MaACL
Número de control de estantería P-565-Bis-11-12
Holdings
Estatus retirado Estado de pérdida Estado de daño No para préstamo Biblioteca de origen Biblioteca actual Ubicación en estantería Fecha de adquisición Fuente de adquisición Total de préstamos Signatura topográfica completa Código de barras Visto por última vez Precio de reemplazo Tipo de ítem Koha
        Biblioteca del Ateneo de Madrid Biblioteca del Ateneo de Madrid Depósito 2 18/03/2019     P-565-Bis-11-12 1200166 23/02/2023 23/02/2023 Libro impreso